| 000 | 00480nam a2200193 a 4500 | ||
|---|---|---|---|
| 001 | 1755689613127 | ||
| 003 | ACL | ||
| 005 | 20250820170912.0 | ||
| 008 | 250820s2007##################000#0#eng## | ||
| 020 | _a9781402747434 | ||
| 082 | 0 | 4 |
_a743.42 _bKRA |
| 100 | 1 |
_aKraayvanger, Allan, _eauthor. |
|
| 245 | 1 | 0 | _aSecrets to Drawing Heads : |
| 260 |
_bSterling Publishing Company, _c2007. |
||
| 300 | _a116 pages | ||
| 650 | 0 | _aArt. | |
| 942 | _cENGLISH | ||
| 040 |
_aACL _beng _cACL |
||
| 999 |
_c583303 _d583303 |
||